000
nam a22 7a 4500
999
_c
234389
_d
234389
003
Nust
005
20170320115404.0
008
170320b xxu||||| |||| 00| 0 eng d
020
_a
81-8411-093-6
040
_c
ASAB
082
_a
574.8
245
_a
genetic engineering
_c
by S.r. Kulshrestha
300
_a
280 p
942
_2
ddc
_c
BK